书目信息 |
| 题名: |
报关实务一本通
|
|
| 作者: | ;苏州工业园区海关 编著 | |
| 分册: | ||
| 出版信息: | 北京 中国海关出版社 2008 |
|
| 页数: | 212页 | |
| 开本: | 24cm | |
| 丛书名: | 通关财富丛书 | |
| 单 册: | ||
| 中图分类: | F752.5 | |
| 科图分类: | ||
| 主题词: | 进出口贸易--海关手续--基本知识--中国 , 进出口贸易 , 海关手续 | |
| 电子资源: | ||
| ISBN: | 978-7-80165-518-9 | |
| 000 | 01096oam2 2200313 45 | |
| 001 | 1029982128 | |
| 005 | 20100428150204.26 | |
| 010 | @a978-7-80165-518-9@dCNY28.00 | |
| 100 | @a20100420d2008 em y0chiy50 ea | |
| 101 | 0 | @achi |
| 102 | @aCN@b110000 | |
| 105 | @ay z 001yy | |
| 106 | @ar | |
| 200 | 1 | @a报关实务一本通@ABao Guan Shi Wu Yi Ben Tong@f苏州工业园区海关编著@FSu Zhou Gong Ye Yuan Qu Hai Guan Bian Zhu |
| 210 | @a北京@c中国海关出版社@d2008 | |
| 215 | @a212页@d24cm | |
| 225 | 2 | @a通关财富丛书 |
| 304 | @a封面英文题名:Passbook of customs clearance practice | |
| 320 | @a有索引(193-212页) | |
| 330 | @a本书介绍了海关注册登记、设备减免税、加工贸易业务、通关业务、对监管货物的查验、出口加工区业务等内容。 | |
| 461 | 0 | @12001 @a通关财富丛书 |
| 510 | 1 | @aPassbook of customs clearance practice@zeng |
| 606 | 0 | @a进出口贸易@x海关手续@x基本知识@y中国 |
| 606 | 0 | @a进出口贸易 |
| 606 | 0 | @a海关手续 |
| 690 | @aF752.5@v4 | |
| 711 | 02 | @a苏州工业园区海关@ASu Zhou Gong Ye Yuan Qu Hai Guan@4编著 |
| 801 | 0 | @aCN@bTANGWEI@c20100428 |
| 905 | @b0595256-60@dF752.5@e28@f5 | |
| 报关实务一本通/苏州工业园区海关编著.-北京:中国海关出版社,2008 |
| 212页;24cm.-(通关财富丛书) |
| ISBN 978-7-80165-518-9:CNY28.00 |
| 本书介绍了海关注册登记、设备减免税、加工贸易业务、通关业务、对监管货物的查验、出口加工区业务等内容。 |
| ● |
| 相关链接 |
|
|
|
|
正题名:报关实务一本通
索取号:F752.5/28
 
预约/预借
| 序号 | 登录号 | 条形码 | 馆藏地/架位号 | 状态 | 备注 |
| 1 | 0595256 | 205952566 | 第一样本阅览室/ [索取号:F752.5/28] | 在馆 | |
| 2 | 0595257 | 205952575 | 第一借阅区/ [索取号:F752.5/28] | 在馆 | |
| 3 | 0595258 | 205952584 | 第一借阅区/ [索取号:F752.5/28] | 在馆 | |
| 4 | 0595259 | 205952593 | 第一借阅区/ [索取号:F752.5/28] | 在馆 | |
| 5 | 0595260 | 205952600 | 第一借阅区/ [索取号:F752.5/28] | 在馆 |